| 000 | 03660nam a22006015i 4500 | ||
|---|---|---|---|
| 999 |
_c200458673 _d76885 |
||
| 003 | TR-AnTOB | ||
| 005 | 20231121160034.0 | ||
| 007 | cr nn 008mamaa | ||
| 008 | 220513s2022 si | s |||| 0|eng d | ||
| 020 | _a9789811684968 | ||
| 024 | 7 |
_a10.1007/978-981-16-8496-8 _2doi |
|
| 040 |
_aTR-AnTOB _beng _cTR-AnTOB _erda |
||
| 041 | _aeng | ||
| 050 | 4 | _aTH880 | |
| 072 | 7 |
_aTNK _2bicssc |
|
| 072 | 7 |
_aTEC005050 _2bisacsh |
|
| 072 | 7 |
_aTNK _2thema |
|
| 090 | _aTH880EBK | ||
| 245 | 1 | 0 |
_aSustainable Building Materials and Construction _h[electronic resource] : _bSelect Proceedings of ICSBMC 2021 / _cedited by B. Kondraivendhan, C. D. Modhera, Vasant Matsagar. |
| 250 | _a1st ed. 2022. | ||
| 264 | 1 |
_aSingapore : _bSpringer Nature Singapore : _bImprint: Springer, _c2022. |
|
| 300 | _a1 online resource | ||
| 336 |
_atext _btxt _2rdacontent |
||
| 337 |
_acomputer _bc _2rdamedia |
||
| 338 |
_aonline resource _bcr _2rdacarrier |
||
| 347 |
_atext file _bPDF _2rda |
||
| 490 | 1 |
_aLecture Notes in Civil Engineering, _x2366-2565 ; _v222 |
|
| 505 | 0 | _aEffect of High Temperature on the Calcinated Clay-Limestone Cement Concrete -- Prediction Of Compressive Strength of Flyash Based Geopolymer Concrete Using AI Approach -- Utilization of Lime in Cement-Based Materials: Review of Thermal and Microstructural Properties -- Experimental Studies On Mechanical Properties Of Concrete By Using Manufactured Sand As Replacement Of Fine Aggregate -- Utilization of Taguchi Method of Optimization in the Mix Design Development of High Strength Alkali. . | |
| 520 | _aThis book presents the select proceedings of the International Conference on Sustainable Building Materials and Construction (ICSBMC 2021), and examines a range of durable, energy-efficient, advance construction and building materials produced from industrial wastes and byproducts. The topics covered include advanced construction materials, durability of concrete structures, waste utilization, repair & rehabilitation of concrete structures, structural analysis & design, composites, nanomaterials and smart materials in seismic engineering. The book also discusses various properties and performance attributes of modern-age concretes including their strength, durability, workability, and carbon footprint. This book will be a precious reference for beginners, researchers, and professionals interested in sustainable construction and allied fields. | ||
| 650 | 0 |
_aBuildings _xDesign and construction. |
|
| 650 | 0 | _aBuilding materials. | |
| 650 | 0 | _aEnvironmental engineering. | |
| 650 | 0 | _aCivil engineering. | |
| 650 | 0 |
_aBuildings _xRepair and reconstruction. |
|
| 650 | 0 |
_aBuildings _xMaintenance. |
|
| 650 | 1 | 4 | _aBuilding Construction and Design. |
| 650 | 2 | 4 | _aBuilding Materials. |
| 650 | 2 | 4 | _aEnvironmental Civil Engineering. |
| 650 | 2 | 4 | _aBuilding Repair and Maintenance. |
| 653 | 0 | _aSustainable construction -- Congresses | |
| 653 | 0 | _aBuilding materials -- Environmental aspects -- Congresses | |
| 700 | 1 |
_aKondraivendhan, B. _eeditor. _4edt _4http://id.loc.gov/vocabulary/relators/edt |
|
| 700 | 1 |
_aModhera, C. D. _eeditor. _4edt _4http://id.loc.gov/vocabulary/relators/edt |
|
| 700 | 1 |
_aMatsagar, Vasant. _eeditor. _4edt _4http://id.loc.gov/vocabulary/relators/edt |
|
| 710 | 2 | _aSpringerLink (Online service) | |
| 830 | 0 |
_aLecture Notes in Civil Engineering, _x2366-2565 ; _v222 |
|
| 856 | 4 | 0 |
_uhttps://doi.org/10.1007/978-981-16-8496-8 _3Springer eBooks _zOnline access link to the resource |
| 942 |
_2lcc _cEBK |
||